Köztérfejlesztések és a térhasználat változásai Szegedi fejlesztések példáján

Elmentve itt :
Bibliográfiai részletek
Szerző: Vedrédi Katalin
Testületi szerző: SZTE - Gazdaság- és Társadalomföldrajz Tanszék Geográfus Doktoranduszok Országos Konferenciája
Dokumentumtípus: Prezentáció
Megjelent: 2012
Kulcsszavak:városfejlesztés
szeged
Tárgyszavak:
Online Access:http://eta.bibl.u-szeged.hu/4398
LEADER 00862nnm a2200217 i 4500
001 eta4398
005 20201216080058.0
008 201216s2012 hu o 0|| hun d
040 |a SZTE Elektronikus Tananyag Archívum  |b hun 
041 |a hun 
100 1 |a Vedrédi Katalin 
245 1 0 |a Köztérfejlesztések és a térhasználat változásai Szegedi fejlesztések példáján  |h [elektronikus dokumentum] /  |c  Vedrédi Katalin 
260 |c 2012 
300 |a 17 
516 |a Presentation 
650 4 |a Társadalomtudományok 
650 4 |a Társadalom- és gazdaságföldrajz 
695 |a városfejlesztés 
695 |a szeged 
711 |a SZTE - Gazdaság- és Társadalomföldrajz Tanszék Geográfus Doktoranduszok Országos Konferenciája  |c Szeged, Magyarország  |d 2012. 09. 08. 
856 4 0 |u https://eta.bibl.u-szeged.hu/4398/1/2010-0012_118_03.pdf  |z Dokumentum-elérés